1578 1494 1608 1701 1151 1983 1930 1798 1827 1750 1252 1504 1621 1906 1816 1697 1704 1663 1083 1226 1948 1891 1155 1921 1580 1070 1115 1644 1350 1794 1365 1560 1682 1380 1588 1000 1816 1413 1579 1952 1004 1990 1598 1856 1182 1113 1139 1617 1898 1586 1604 1020 1477 1390 1768 1214 1365 1892 1838 1911 1395 1568 1698 1356 1181 1080 1529 1205 1535 1062 1938 1075 1481 1265 1714 1340 1199 1644 1093 1492 1942 1060 1673 1477 1861 1511 1816 1101 1553 1617 1542 1376 1865 1638 1019 1233 1701 1432 1559 BCNSPRNW ULIB Ver.6.0+V

เปลี่ยนเป็นภาษาไทย

Change to English
 แสดงรายละเอียดบรรณานุกรม
  กลับหน้าหลัก

Brief Record : Get Marc (ISO 2709) : E-mail record : QR code < ปิดหน้าต่าง
LEADER : 00000nam 2200000uu 4500
001    13399114328
003     ULIB
008    120321s2553||||th 000 0 tha d
020    ^a9786167081366
090    ^aนว.^bi111ท 2553
100 0  ^aIrgendwann im November
245 00 ^aทะเลรักลวงใจ/^cIrgendwann im November
250    ^aพิมพ์ครั้งที่ 1
260    ^aกรุงเทพฯ :^bสมาร์ทบุ๊ค,^c2553
300    ^a416 หน้า
710 1  ^aสมาร์ทบุ๊ค
945    ^p260^l0^i16661
995    ^aกัณชพร
999    ^aใช้งานได้ทุกระบบ
รายการนี้ยังไม่มีแท็ก
คุณยังไม่ได้ล็อกอิน คุณสามารถมีกิจกรรมร่วมกับเว็บไซต์ได้ แต่ต้องล็อกอินก่อน ::
  ล็อกอิน

รายการสื่อสารสนเทศ

ลำดับที่ ประเภท เลขเรียก/บาร์โค้ด สถานที่ สถานะ
1. นวนิยาย
นวนิยาย
นว. i111ท 2553  
  Barcode: 16661
ห้องสมุดวิทยาเขตสวรรค์ประชารักษ์
►นวนิยาย
บนชั้น
  ขอยืม

BibComment


ยังไม่เคยถูกคอมเมนท์

คอมเมนท์ทรัพยากรรายการนี้
  คอมเมนท์: ทะเลรักลวงใจ Irg..


 Copyright 2026. Bcnsprnw @Library